000 00713nam a22002657a 4500
001 BR7314363
003 BR-BrBNA
005 20230928084306.0
007 ta
008 230509b bl.||||| |||| 00| 0 por d
040 _aBR-BrBNA
_bpor
_cBiblioteca Nacional de Agricultura
041 _a(Por)
072 _aF00; E10
_b2120
090 _ 2120 BR7314363
100 1 _aStevens, w.L.
110 1 _aUniversidade de Sao Paulo, Sao Paulo (Brasil)
_910514
245 1 _aLevantamento por amostragem da safra de cafe
250 1 _a2.ed.
260 3 _aSao Paulo, SP (Brasil):
_c1955.
300 _a57 p.
650 _aCAFE
650 _aPREVISAO DE SAFRA
909 _a202309
_bLucia
_c55
_dLucia Elande
942 _cBK
999 _c17963
_d17963